Regions of Romania - Sudden Death - Statistics

General Stats
  • This quiz has been taken 43 times
  • The average score is 5 of 8
Answers on the Grid
Answers color-coded by a green-red scale on the quiz's grid according to % correct below.
Transylvania
Moldavia
Wallachia
Dobruja
Oltenia
Banat
Crisana
Southern Bukovina
Transnistria
Balti
Izmail
Gagauzia
Szekelyland
Golubac
New Moldova
Northern Bukovina
 
Answer Stats
Answer % Correct
Transylvania
88%
Wallachia
72%
Banat
69%
Moldavia
66%
Oltenia
63%
Dobruja
50%
Crisana
41%
Southern Bukovina
34%
No matching quizzes found
Score Distribution
Percent of People with Each Score
Percentile by Number Answered
Your Score History
You have not taken this quiz